| 000 | 01181cam a2200301 4500 | ||
|---|---|---|---|
| 001 | ABS67187 | ||
| 008 | 031015n2003 000 0 eng u | ||
| 035 | _a(Sirsi) u123926 | ||
| 100 | _aArmstrong, L. | ||
| 245 | _aVision: a conversation with ourselves | ||
| 260 | _c2003 | ||
| 490 |
_aEstates Gazette _v(0341) 11 October 2003, 166-168(3) |
||
| 520 | _aRICS Chief Executive Louis Armstrong explains how RICS is seeking to boost democracy and improve communication with the membership. Refers to recent initiatives such as the RICS members survey and decision making groups ranging from the governing council to regional boards and policy committees. Alex Galloway explains the value of the Royal Charter to the status of the profession. | ||
| 590 | _aABS | ||
| 650 | _aRICS | ||
| 650 | _aRICS MEMBERSHIP SURVEY | ||
| 650 | _aPROFESSIONAL BODIES | ||
| 650 | _aRICS ROYAL CHARTER | ||
| 650 | _aRICS BYE-LAWS | ||
| 650 | _aDECISION-MAKING | ||
| 650 | _aDEMOCRACY | ||
| 650 | _aPROFESSIONAL ETHICS | ||
| 650 | _aCOMPLIANCE | ||
| 650 | _aMONITORING | ||
| 690 | _aMANAGEMENT-BUSINESS MANAGEMENT-PROFESSIONAL PRACTICE | ||
| 700 | _aGalloway, A. | ||
| 942 | _n0 | ||
| 999 |
_c73594 _d73594 |
||